Countries With The Most Numbers of Administrative Division - Statistics

General Stats
  • This quiz has been taken 178 times
  • The average score is 11 of 20
Answer Stats
# Divided Into Continent Country % Correct
85 Federal Subjects Europe / Asia Russia
97%
50 States North America United States
95%
47 Prefectures Asia Japan
81%
81 Provinces Asia / Europe Turkey
78%
34 Provinces Asia Indonesia
64%
32 Departments South America Colombia
61%
76 Provinces Asia Thailand
60%
36 States Africa Nigeria
58%
58 Provinces Asia Vietnam
57%
41 Counties Europe Romania
55%
48 Provinces Africa Algeria
54%
212 Municipalities Europe Slovenia
52%
127 Districts Africa Uganda
43%
47 Counties Africa Kenya
42%
110 Municipalities Europe Latvia
39%
34 Provinces Asia Afghanistan
37%
66 Districts Asia Azerbaijan
31%
72 Municipalities Europe Iceland
30%
32 Districts Europe Moldova
30%
32 States Africa South Sudan
14%
No matching quizzes found
Score Distribution
Percent of People with Each Score
Percentile by Number Answered
Your Score History
You have not taken this quiz